000 00337nam a2200157Ia 4500
100 _aRieger /H
650 _aElectrical Engineering
490 _v29
942 _cRB
654 _aInduction
245 _aInduction & Self Induction
260 _bWiley Eastern.
_aNEW DELHI
_c1991
300 _a85
546 _aENGLISH
999 _c22968
_d22968